[Event "Helsingor Xtracon op"]
[Site "Helsingor"]
[Date "2016.07.31"]
[Round "10"]
[White "Nilssen, Steinar"]
[Black "Pedersen, Carl Aage"]
[Result "1/2-1/2"]
[WhiteElo "1575"]
[BlackElo "1781"]
[PlyCount "60"]
[EventDate "2016.07.23"]
[EventType "swiss"]
[EventRounds "10"]
[EventCountry "DEN"]
[SourceTitle "CBM 173 Extra"]
[Source "ChessBase"]
[SourceDate "2016.08.29"]
[SourceVersion "1"]
[SourceVersionDate "2016.08.29"]
[SourceQuality "1"]

1. e4 c5 2. Nf3 d6 3. g3 g6 4. Bg2 Bg7 5. 0-0 Nf6 6. d3 0-0 7. h3 Nc6 8. c3 Qc7 9. Re1 Bd7 10. a3 Rad8 11. Be3 b6 12. Nbd2 e5 13. Rb1 a5 14. a4 Rfe8 15. Nb3 Nb8 16. Ra1 Bc6 17. Nfd2 d5 18. d4 cxd4 19. cxd4 Nxe4 20. dxe5 Bxe5 21. Qc2 Qb7 22. Bxe4 dxe4 23. Nc4 Nd7 24. Nxb6 Nxb6 25. Nxa5 Qa6 26. Bxb6 Bxa4 27. Rxa4 Qxb6 28. Nc4 Qc7 29. Rxe4 Bxg3 30. f3 Rxe4 1/2-1/2

[Event "Politiken Cup 37th"]
[Site "Helsingor"]
[Date "2015.07.31"]
[Round "8"]
[White "Kristensen, Thomas Overgaard"]
[Black "Pedersen, Carl Aage"]
[Result "1/2-1/2"]
[WhiteElo "1545"]
[BlackElo "1778"]
[PlyCount "68"]
[EventDate "2015.07.25"]
[EventType "swiss"]
[EventRounds "10"]
[EventCountry "DEN"]
[SourceTitle "CBM 167 Extra"]
[Source "ChessBase"]
[SourceDate "2015.09.14"]
[SourceVersion "1"]
[SourceVersionDate "2015.09.14"]
[SourceQuality "1"]

1. d4 d5 2. c4 e6 3. Nc3 Nf6 4. cxd5 exd5 5. Bg5 Be7 6. e3 0-0 7. Bd3 c6 8. Nge2 h6 9. h4 Nbd7 10. Qc2 c5 11. Bf4 a6 12. 0-0-0 b5 13. g4 b4 14. g5 c4 15. Bf5 bxc3 16. Nxc3 Nh5 17. gxh6 Ndf6 18. hxg7 Nxg7 19. Rhg1 Kh8 20. Bxc8 Qxc8 21. Be5 Qe6 22. h5 Rg8 23. h6 Nf5 24. Nxd5 Rxg1 25. Rxg1 Rg8 26. Rxg8+ Kxg8 27. Nxe7+ Nxe7 28. Bxf6 Qxf6 29. h7+ Kh8 30. Qxc4 Qxf2 31. Qd3 Nd5 32. Qd2 Qf1+ 33. Qd1 Qc4+ 34. Qc2 Qf1+ 1/2-1/2

[Event "Politiken Cup 37th"]
[Site "Helsingor"]
[Date "2015.07.25"]
[Round "1"]
[White "Pedersen, Carl Aage"]
[Black "Thogersen, Rasmus"]
[Result "0-1"]
[WhiteElo "1778"]
[BlackElo "2192"]
[PlyCount "58"]
[EventDate "2015.07.25"]
[EventType "swiss"]
[EventRounds "10"]
[EventCountry "DEN"]
[SourceTitle "CBM 167 Extra"]
[Source "ChessBase"]
[SourceDate "2015.09.14"]
[SourceVersion "1"]
[SourceVersionDate "2015.09.14"]
[SourceQuality "1"]

1. d4 Nf6 2. Nf3 g6 3. c4 Bg7 4. Nc3 0-0 5. e3 d6 6. Be2 Nbd7 7. 0-0 e5 8. Qc2 c6 9. b3 Re8 10. Bb2 exd4 11. exd4 Nf8 12. Rad1 Bf5 13. Qc1 d5 14. Rfe1 Ne4 15. h3 h5 16. cxd5 Nxc3 17. Bxc3 Qxd5 18. Bc4 Rxe1+ 19. Rxe1 Qd6 20. Ne5 Be6 21. Qf4 Rd8 22. Re3 Bd5 23. Bxd5 Qxd5 24. Rf3 Bxe5 25. Qxe5 Ne6 26. Qxd5 Rxd5 27. Rd3 c5 28. Kf1 cxd4 29. g3 dxc3 0-1

[Event "Politiken Cup 36th"]
[Site "Helsingor"]
[Date "2014.07.26"]
[Round "7"]
[White "Pedersen, Carl Aage"]
[Black "Greeuw, Sietske"]
[Result "0-1"]
[WhiteElo "1769"]
[BlackElo "1949"]
[PlyCount "96"]
[EventDate "2014.07.21"]
[EventType "swiss"]
[EventRounds "10"]
[EventCountry "DEN"]
[SourceTitle "CBM 161 Extra"]
[Source "ChessBase"]
[SourceDate "2014.08.29"]
[SourceVersion "1"]
[SourceVersionDate "2014.08.29"]
[SourceQuality "1"]

1. Nf3 c5 2. c4 Nc6 3. Nc3 g6 4. g3 Bg7 5. Bg2 e6 6. d3 Nge7 7. e4 0-0 8. 0-0 b6 9. a3 Bb7 10. Qc2 a6 11. Bd2 Rc8 12. Rad1 Nd4 13. Nxd4 cxd4 14. Ne2 d5 15. exd5 Bxd5 16. Nf4 Bxg2 17. Nxg2 b5 18. b3 Qc7 19. Qc1 Qb6 20. Qa1 e5 21. Rfe1 Rfe8 22. f4 Nf5 23. Kh1 Qb7 24. Qb1 h5 25. Kg1 Qb6 26. Kh1 Nh6 27. fxe5 Ng4 28. Re2 Rxe5 29. Rxe5 Bxe5 30. Rf1 Qd6 31. Qc1 Re8 32. c5 Qc6 33. b4 Bc7 34. Kg1 Re2 35. Ne1 Rxh2 36. Nf3 Re2 37. Qd1 Re7 38. Nxd4 Qd5 39. Nf3 Bxg3 40. d4 Qe4 41. Bg5 f6 42. Bd2 Qd5 43. Qc2 Kg7 44. Qd3 h4 45. Be1 Re3 46. Qd1 Bxe1 47. Nxe1 Rg3+ 48. Ng2 Qxg2# 0-1

[Event "Politiken Cup 35th"]
[Site "Helsingor"]
[Date "2013.07.31"]
[Round "6"]
[White "Pedersen, Carl Aage"]
[Black "Henrichsen, Jens"]
[Result "0-1"]
[WhiteElo "1734"]
[BlackElo "1937"]
[PlyCount "106"]
[EventDate "2013.07.27"]
[EventType "swiss"]
[EventRounds "10"]
[EventCountry "DEN"]
[SourceTitle "CBM 155 Extra"]
[Source "ChessBase"]
[SourceDate "2013.08.26"]
[SourceVersion "1"]
[SourceVersionDate "2013.08.26"]
[SourceQuality "1"]

1. d4 Nf6 2. c4 e6 3. Nc3 Bb4 4. e3 c5 5. Nf3 Nc6 6. Be2 b6 7. a3 Bxc3+ 8. bxc3 Ba6 9. Nd2 Rc8 10. Bb2 Na5 11. Rc1 Qc7 12. 0-0 0-0 13. Qa4 Ne8 14. Rfe1 Qc6 15. Qxc6 Rxc6 16. d5 Rc8 17. Kf1 Nd6 18. dxe6 dxe6 19. Rcd1 Rfd8 20. f3 Bxc4 21. Nxc4 Ndxc4 22. Bxc4 Nxc4 23. Bc1 Kf8 24. Ke2 Ke7 25. e4 Rxd1 26. Rxd1 Rc7 27. Kd3 Rd7+ 28. Kc2 Rxd1 29. Kxd1 Kd6 30. Kc2 b5 31. Kb3 Na5+ 32. Kc2 c4 33. Bf4+ e5 34. Be3 a6 35. Bf2 Nb7 36. Be3 Nc5 37. Kd2 f6 38. Ke2 Nd3 39. Kd2 g5 40. g3 h5 41. h3 Ke6 42. Ke2 Kf7 43. g4 h4 44. Kd2 Ke6 45. Ke2 Kd6 46. Bd2 Nf4+ 47. Bxf4 exf4 48. Kd2 Kc5 49. Kc2 a5 50. Kb2 b4 51. a4 Kb6 52. Kc1 bxc3 53. Kc2 Kc6 0-1

[Event "DEN-ch G5-B"]
[Site "Helsingor"]
[Date "2013.03.29"]
[Round "2"]
[White "Pedersen, Carl Aage"]
[Black "Maechel, Michael"]
[Result "1/2-1/2"]
[WhiteElo "1729"]
[BlackElo "1733"]
[PlyCount "43"]
[EventDate "2013.03.28"]
[EventType "swiss"]
[EventRounds "5"]
[EventCountry "DEN"]
[SourceTitle "EXT 2023"]
[Source "ChessBase"]
[SourceDate "2022.10.05"]
[SourceVersion "1"]
[SourceVersionDate "2022.10.05"]
[SourceQuality "1"]

1. d4 Nf6 2. Nf3 d5 3. c4 e6 4. Bg5 Be7 5. Nc3 0-0 6. e3 c6 7. Bd3 h6 8. Bh4 Na6 9. a3 Nc7 10. 0-0 dxc4 11. Bxc4 Ncd5 12. Qc2 Nxc3 13. Qxc3 Nd5 14. Bxe7 Qxe7 15. Qc2 Bd7 16. Rac1 Rfc8 17. Ba2 a5 18. Bb1 g6 19. Ne5 Be8 20. h3 Kg7 21. Qd3 Qg5 22. Nf3 1/2-1/2

[Event "Politiken Cup 33rd"]
[Site "Helsingor"]
[Date "2011.08.07"]
[Round "10"]
[White "Pedersen, Carl Aage"]
[Black "Skjoldager, Per"]
[Result "0-1"]
[WhiteElo "1752"]
[BlackElo "2126"]
[PlyCount "80"]
[EventDate "2011.07.30"]
[EventType "swiss"]
[EventRounds "10"]
[EventCountry "DEN"]
[SourceTitle "CBM 143 Extra"]
[Source "ChessBase"]
[SourceDate "2011.08.29"]
[SourceVersion "1"]
[SourceVersionDate "2011.08.29"]
[SourceQuality "1"]

1. d4 Nf6 2. c4 e6 3. Nc3 b6 4. Nf3 Bb7 5. Bg5 Be7 6. e3 0-0 7. Be2 d5 8. 0-0 dxc4 9. Bxc4 h6 10. Bh4 Nbd7 11. h3 Ne4 12. Bxe7 Qxe7 13. Nxe4 Bxe4 14. Bd3 Bb7 15. Qe2 e5 16. dxe5 Nxe5 17. Nxe5 Qxe5 18. Qc2 c5 19. Rfd1 Rad8 20. Bf1 Be4 21. Qc3 Qxc3 22. bxc3 Bc2 23. Rxd8 Rxd8 24. Rc1 Rd2 25. Bc4 Ba4 26. Kf1 Kf8 27. Ke1 Rb2 28. Bd5 Bb5 29. c4 Ba4 30. a3 Rb3 31. Ra1 Rc3 32. Kd2 Rc2+ 33. Kd3 Rxf2 34. Rc1 Ke7 35. Bf3 f5 36. Re1 f4 37. Rc1 Ke6 38. Bg4+ Ke5 39. Bf3 Ra2 40. Rc3 g5 0-1

[Event "Politiken Cup 33rd"]
[Site "Helsingor"]
[Date "2011.08.05"]
[Round "8"]
[White "Pedersen, Carl Aage"]
[Black "Zachariassen, John"]
[Result "0-1"]
[WhiteElo "1752"]
[BlackElo "1936"]
[PlyCount "94"]
[EventDate "2011.07.30"]
[EventType "swiss"]
[EventRounds "10"]
[EventCountry "DEN"]
[SourceTitle "CBM 143 Extra"]
[Source "ChessBase"]
[SourceDate "2011.08.29"]
[SourceVersion "1"]
[SourceVersionDate "2011.08.29"]
[SourceQuality "1"]

1. d4 Nf6 2. c4 d6 3. Nc3 Nbd7 4. e3 e5 5. Nge2 Be7 6. Ng3 g6 7. Be2 0-0 8. 0-0 c6 9. b3 Ne8 10. d5 f5 11. f4 Ndf6 12. e4 fxe4 13. Ncxe4 cxd5 14. cxd5 Nxe4 15. Nxe4 Bf5 16. Ng3 e4 17. Nxf5 gxf5 18. Bb2 Bf6 19. Bxf6 Qxf6 20. Rc1 Qg7 21. Qd2 Nf6 22. Rc3 Qd7 23. a4 a6 24. Rg3+ Kf7 25. Rc1 Rac8 26. Rgc3 Rxc3 27. Qxc3 Ke7 28. Qd2 Rc8 29. Rxc8 Qxc8 30. Bc4 b5 31. axb5 axb5 32. Bf1 Qc5+ 33. Kh1 Qxd5 34. Qxd5 Nxd5 35. Bxb5 Nxf4 36. g3 Ne6 37. Bc4 Nc7 38. Bg8 h6 39. Kg2 Kf6 40. b4 Ke5 41. Bh7 Nb5 42. Bg6 d5 43. Be8 Nd6 44. Ba4 Nc4 45. Kf2 d4 46. Bd7 Nb6 47. Bb5 Nd5 0-1

[Event "Politiken Cup 33rd"]
[Site "Helsingor"]
[Date "2011.07.30"]
[Round "1"]
[White "Nielsen, Michael1111"]
[Black "Pedersen, Carl Aage"]
[Result "1-0"]
[WhiteElo "2170"]
[BlackElo "1752"]
[PlyCount "55"]
[EventDate "2011.07.30"]
[EventType "swiss"]
[EventRounds "10"]
[EventCountry "DEN"]
[SourceTitle "CBM 143 Extra"]
[Source "ChessBase"]
[SourceDate "2011.08.29"]
[SourceVersion "1"]
[SourceVersionDate "2011.08.29"]
[SourceQuality "1"]

1. d4 d5 2. Bf4 Nf6 3. e3 e6 4. c4 c6 5. Nc3 Nbd7 6. Rc1 Be7 7. Nf3 0-0 8. Bd3 Re8 9. 0-0 a6 10. Re1 g6 11. h3 dxc4 12. Bxc4 Nb6 13. Bb3 Nbd5 14. Bh6 Bf8 15. Bg5 Be7 16. e4 Nxc3 17. bxc3 Kg7 18. Ne5 Nd7 19. Bh6+ Kg8 20. Nxf7 Kxf7 21. Bxe6+ Kxe6 22. Qb3+ Kd6 23. Bf4+ Ne5 24. dxe5+ Kc7 25. Rcd1 Qxd1 26. Rxd1 b5 27. Qf7 Bb7 28. Bg5 1-0